000 01342nam a2200241Ia 4500
003 Ost
005 20260507075650.0
008 260507s9999||||xx |||||||||||||| ||und||
020 _a×346287977
040 _cfsecg
041 _aara
082 _a5.133
100 _aالشافعى، شريف فتحى
_eمؤلف
245 0 _aتصميم وبرمجة تطبيقات قواعد البيانات بلغة VB.NET /
_c شريف فتحى الشافعى
260 _aالقاهرة:
_bدار الكتب العلمية للنشر والتوزيع,
_c2003
300 _a568 صفحة؛
_bإيضاحات ؛
_c24 سم
520 _aالبداية والإنطلاق مع المجموعة البرمجية NET وقواعد البيانات- مرجع الطبقة المتصلة لكائنات البيانات ADO.NET- مرجع الطبقة الغير متصلة بكائنات البيانات ADO.NET- التعامل مع قواعد البيانات في بيئة التطوير IDE للمجموعة البرمجية VS.NET - التعامل مع الإستثناءات Exceptions واصطياد الاخطاء البرمجية ومعالجتها Debugging .
653 _aالبرمجيات
653 _aالحاسبات الالكترونية
653 _aلغة VB.NET
653 _aمعالجة البيانات
942 _cكتاب
999 _c45576
_d45576